| 000 | 00710nam a2200217 a 4500 | ||
|---|---|---|---|
| 001 | 2095 | ||
| 003 | CDMR | ||
| 005 | 20131105110104.0 | ||
| 008 | 130130s1985||||||||||||||||||||||||||||d | ||
| 020 | _a847434297X | ||
| 040 |
_aCDMR _bcat _cCDMR |
||
| 100 | 1 |
_aEsteve Ramírez, Francisco _9243 |
|
| 245 | 1 | 3 |
_aLa información laboral en la prensa española _cFrancisco Esteve Ramírez |
| 260 |
_aMadrid _c1985 _bMinisterio de Trabajo y Seguridad Social. Servicio de Publicaciones |
||
| 300 |
_a222 p. _bgràf. |
||
| 490 | 0 | _aColección Tesis Doctorales | |
| 650 | 0 | 4 |
_93492 _aRelacions laborals _xCobertura periodística |
| 650 | 0 | 4 |
_92799 _aPeriodisme _xAspectes socials |
| 650 | 0 | 4 |
_92742 _aPremsa |
| 942 |
_cMON _2udc |
||
| 999 |
_c2095 _d2095 |
||